00569nam a22001817a 450000500170000001000150001702000260003203500140005803700130007208200120008510000180009724501150011526000340023027000590026430000230032350000190034670000220036520171031114356.0 aENG-121150 a9789350020463c175.00 aEN-104682 bDBAD/PUB a330.973 aMagdoff, Fred aThe ABC's of the economic crisis :cby Fred Mafdoff [and] Michael D. Yatesbwhat working people need to know / aNew DelhibAakar Books c2010 a28 E Pocket IV, Mayur Vihar Phase IbNew Delhie110091 a144p.c21.5cm(pbk) aIncludes index aYates, Michael D.